[Event "Asia Cup"]
[Site "Abu Dhabi"]
[Date "2016.04.04"]
[Round "8.3"]
[White "Abo Hazeem, Mohanned"]
[Black "Mollah Abdullah, Al Rakib"]
[Result "0-1"]
[WhiteElo "2045"]
[BlackElo "2478"]
[PlyCount "120"]
[EventDate "2016.03.28"]
[EventType "team-swiss"]
[EventRounds "9"]
[EventCountry "UAE"]
[SourceTitle "CBM 171 Extra"]
[Source "ChessBase"]
[SourceDate "2016.04.26"]
[SourceVersion "1"]
[SourceVersionDate "2016.04.26"]
[SourceQuality "1"]
[WhiteTeam "Jordan"]
[BlackTeam "Bangladesh"]
[WhiteTeamCountry "JOR"]
[BlackTeamCountry "BAN"]

1. d4 Nf6 2. Nf3 e6 3. Bg5 c5 4. c3 d5 5. e3 Nbd7 6. Nbd2 Qc7 7. Bd3 Be7 8. 0-0 0-0 9. e4 dxe4 10. Nxe4 b6 11. Qe2 Bb7 12. dxc5 bxc5 13. c4 Rfe8 14. Rfd1 Rad8 15. Rd2 h6 16. Bh4 Nxe4 17. Bxe4 Bxh4 18. Nxh4 Bxe4 19. Qxe4 Nf6 20. Rxd8 Rxd8 21. Qe2 Qf4 22. Nf3 g5 23. h3 h5 24. Rd1 Rxd1+ 25. Qxd1 Ne4 26. Qe2 g4 27. hxg4 hxg4 28. Nh2 f5 29. Nf1 Kf7 30. a3 Qc1 31. Qd3 Ke7 32. b4 Qb2 33. Qe3 Qd4 34. Qxd4 cxd4 35. f3 Nd6 36. fxg4 Nxc4 37. gxf5 exf5 38. a4 Kd6 39. Kf2 Nb2 40. a5 Nd3+ 41. Kf3 Nxb4 42. Kf4 Ke6 43. g4 fxg4 44. Kxg4 Nc6 45. Kf3 Kd5 46. Ke2 Nxa5 47. Kd3 Nc4 48. Kc2 a5 49. Kb3 Kc5 50. Ka4 d3 51. Kb3 Kd4 52. Ka4 Kc3 53. Ng3 d2 54. Ne4+ Kd3 55. Nxd2 Kxd2 56. Kb3 Kd3 57. Ka2 Kc2 58. Ka1 Kb3 59. Kb1 a4 60. Ka1 a3 0-1

[Event "Asia Cup"]
[Site "Abu Dhabi"]
[Date "2016.03.30"]
[Round "3.3"]
[White "Abo Hazeem, Mohanned"]
[Black "Ammar, Sedrani"]
[Result "1/2-1/2"]
[WhiteElo "2045"]
[BlackElo "1701"]
[PlyCount "74"]
[EventDate "2016.03.28"]
[EventType "team-swiss"]
[EventRounds "9"]
[EventCountry "UAE"]
[SourceTitle "CBM 171 Extra"]
[Source "ChessBase"]
[SourceDate "2016.04.26"]
[SourceVersion "1"]
[SourceVersionDate "2016.04.26"]
[SourceQuality "1"]
[WhiteTeam "Jordan"]
[BlackTeam "United Arab Emirates II"]
[WhiteTeamCountry "JOR"]
[BlackTeamCountry "UAE"]

1. Nf3 d5 2. d4 e6 3. c4 c6 4. e3 Bd6 5. Nc3 f5 6. cxd5 exd5 7. Ne5 Nf6 8. f4 0-0 9. Be2 Nbd7 10. 0-0 Ne4 11. Nxe4 fxe4 12. Bd2 Nxe5 13. fxe5 Rxf1+ 14. Qxf1 Be7 15. Qd1 Be6 16. Qb3 Qd7 17. Rf1 a6 18. Bb4 a5 19. Bxe7 Qxe7 20. Qc3 Qg5 21. Bd1 Rf8 22. Rxf8+ Kxf8 23. Qe1 Ke7 24. a3 Kd7 25. b4 axb4 26. axb4 b5 27. Qg3 Qxg3 28. hxg3 g5 29. Bh5 g4 30. Kf2 Ke7 31. Ke2 Kd7 32. Kf1 Kd8 33. Ke2 Ke7 34. Kf1 Kd8 35. Ke2 Ke7 36. Kf1 Kd8 37. Ke2 Ke7 1/2-1/2

[Event "Asia Cup"]
[Site "Abu Dhabi"]
[Date "2016.03.29"]
[Round "2.2"]
[White "Abo Hazeem, Mohanned"]
[Black "Al Azmi, Khalaf"]
[Result "1-0"]
[WhiteElo "2045"]
[BlackElo "1842"]
[PlyCount "93"]
[EventDate "2016.03.28"]
[EventType "team-swiss"]
[EventRounds "9"]
[EventCountry "UAE"]
[SourceTitle "CBM 171 Extra"]
[Source "ChessBase"]
[SourceDate "2016.04.26"]
[SourceVersion "1"]
[SourceVersionDate "2016.04.26"]
[SourceQuality "1"]
[WhiteTeam "Jordan"]
[BlackTeam "Kuwait"]
[WhiteTeamCountry "JOR"]
[BlackTeamCountry "KUW"]

1. d4 Nf6 2. Nf3 e6 3. c4 d5 4. Nc3 c5 5. e3 Be7 6. Bd3 Nc6 7. 0-0 0-0 8. b3 Nb4 9. Bb1 dxc4 10. bxc4 b6 11. a3 Nc6 12. d5 Na5 13. e4 e5 14. Bd3 Bg4 15. Rb1 Ne8 16. h3 Bxf3 17. Qxf3 Nd6 18. Qe2 Qd7 19. Bd2 Rae8 20. Nd1 f5 21. exf5 e4 22. Bxe4 Nxe4 23. Qxe4 Bg5 24. Qd3 Bxd2 25. Qxd2 Nxc4 26. Qd3 Qxf5 27. Rb3 Qxd3 28. Rxd3 Re2 29. Ne3 Nd2 30. Rd1 Rfxf2 31. d6 c4 32. d7 Rf8 33. d8Q Rxd8 34. Rxd8+ Kf7 35. R8xd2 Rxe3 36. Rc1 b5 37. Rd7+ Re7 38. Rxe7+ Kxe7 39. Kf2 Kd6 40. Ke3 Kc5 41. Rf1 a5 42. Rf5+ Kc6 43. Kd4 a4 44. Rf7 b4 45. axb4 Kb5 46. Kc3 Kb6 47. Kxc4 1-0

[Event "Asia U20 op"]
[Site "Sharjah"]
[Date "2013.04.06"]
[Round "9"]
[White "Abo Hazeem, Mohanned"]
[Black "Mukashev, Assan"]
[Result "1/2-1/2"]
[WhiteElo "1929"]
[BlackElo "2256"]
[PlyCount "92"]
[EventDate "2013.03.30"]
[EventType "swiss"]
[EventRounds "9"]
[EventCountry "UAE"]
[SourceTitle "CBM 153 Extra"]
[Source "ChessBase"]
[SourceDate "2013.04.22"]
[SourceVersion "1"]
[SourceVersionDate "2013.04.22"]
[SourceQuality "1"]

1. d4 Nf6 2. Nf3 g6 3. c4 Bg7 4. Nc3 d5 5. cxd5 Nxd5 6. e4 Nxc3 7. bxc3 0-0 8. Be2 c5 9. 0-0 Bg4 10. Be3 Qa5 11. Qb3 cxd4 12. cxd4 Nc6 13. Qxb7 Bxf3 14. Bxf3 Nxd4 15. Bxd4 Bxd4 16. Rad1 e5 17. Qd5 Qa4 18. Rc1 Rfd8 19. Qc4 Qxc4 20. Rxc4 Rab8 21. Rfc1 Rb2 22. R4c2 a5 23. Be2 a4 24. Bc4 a3 25. Kf1 Kf8 26. Ke1 Bc5 27. Bd5 Bb4+ 28. Kf1 Bd2 29. Rc8 Ba5 30. Rxd8+ Bxd8 31. Bb3 Bb6 32. Rc2 Bd4 33. Ke2 Ke7 34. f3 f5 35. Kd3 Rxc2 36. Bxc2 Kf6 37. exf5 gxf5 38. f4 Bg1 39. fxe5+ Kxe5 40. h3 Kf4 41. Bd1 Kg3 42. Bf3 Bc5 43. Kc4 Bf8 44. Kd3 h5 45. Kc4 h4 46. Kd3 f4 1/2-1/2